Právní ochrana databází
Gespeichert in:
| 1. Verfasser: | |
|---|---|
| Format: | Buch |
| Sprache: | Tschechisch |
| Veröffentlicht: |
Praha
C.H. Beck
2003
|
| Schriftenreihe: | Právní instituty
|
| Schlagworte: | |
| Tags: |
Keine Tags, Fügen Sie das erste Tag hinzu!
|
MARC
| LEADER | 00000nam$a2200000$$$4500 | ||
|---|---|---|---|
| 001 | 0023182 | ||
| 005 | 20221207102737.6 | ||
| 020 | |a 80-7179-833-9 | ||
| 041 | 0 | |a cze | |
| 044 | |a CZ | ||
| 245 | 1 | 0 | |a Právní ochrana databází |c Jan Leščinský |
| 264 | 1 | |a Praha |b C.H. Beck |c 2003 | |
| 300 | |a xiv, 173 s. | ||
| 490 | 1 | |a Právní instituty | |
| 830 | 0 | |a Právní instituty | |
| 610 | 2 | 0 | |a ochrana právna |
| 610 | 2 | 0 | |a báza dát |
| 610 | 2 | 0 | |a právo autorské |
| 610 | 2 | 0 | |a Česko |
| 610 | 2 | 0 | |a Európa |
| 610 | 2 | 0 | |a USA |
| 610 | 2 | 0 | |a úpravy právne |
| 610 | 2 | 0 | |a legislatíva |
| 610 | 2 | 0 | |a ochrana autorstva |
| 100 | 1 | |a Leščinský, Jan | |